00814nam a2200253 a 4500001001000000003000900010005001700019007000300036008004100039020001800080040003000098082002400128100004100152245004300193264004800236300002700284336002700311337003300338338002800371500005900399586005100458650002400509650002700533000047884DO-SdBNP20250211132110.0ta181002s2018 dr r 000 p spa d a9789945503227 aDO-SdBNPbspacBNPHUerda 4aRD861.44bB333i2221 aBatlle, Natacha,d1984-eautor4aut.10aInerte sobre la gota /cNatacha Batlle 4aSanto Domingo :bEditora Nacional,c©2018. a75 páginas ;c21 cm. atextobtxt2rdacontent asin mediaciónbn2rdamedia avolumenbnc2rdacarrier aIncluye datos biográficos de la autor en las solapas aPremio Joven de Poesía Feria del Libro 2017. 4aPoesía dominicana 4aLiteratura dominicana.